00840 2200289 4500001002100000005001500021035002500036008004100061020002200102040001700124082001600141084001800157090002200175090002100197100002900218245009600247250001100343260003500354300003800389504003400427650001400461700001800475850001200493007000300505999002100508990002100529INLIS00000000000313620200519101443 a0010-041500000000202150402s2014 yoia br ind d a978-602-255-479-0 aYOPDYOGbind04222a796.334 a796.334 MAH y aDEP 796.334 MAH y aCB-D.11 2014-7080 aMahadewa Adi Setad1984-00aYang unik & fantastis dari dunia sepak bola /cMahadewa Adi Seta; penyunting, Surya Nirwana aCet. 13 aYogyakarta :bDiva Kids,c2014 a119 halaman :bilustrasi ;c26 cm aBibliografi : halaman 118-119 4aSepakbola0 aSurya Nirwana aYOPDYOGta aCB-D.11/2014-708 aCB-D.11/2014-708